Statistiken für Die Größten Städte Österreichs - Extrem

Klicken Sie hier um das Quiz zu spielen!

Allgemein

  • Dieses Quiz wurde 157 mal gespielt
  • Das Durchschnittsergebnis liegt bei 56 aus 100

Antworten auf der Karte

Die Antworten werden auf der Karte rot bzw. grün angezeigt, abhängig davon wie oft sie richtig erraten wurden.
 

Antwortstatistiken

NumberPopulationCity% Korrekt
11.897.491Wien
100%
5132.110Innsbruck
98%
3205.726Linz
98%
4154.211Salzburg
98%
2288.806Graz
97%
6100.817Klagenfurt
96%
1429.698Bregenz
95%
762.243Villach
95%
1049.845Dornbirn
90%
955.044St. Pölten
90%
1145.277Wiener Neustadt
85%
861.727Wels
84%
1334.192Feldkirch
83%
4313.942Hall in Tirol
81%
5711.868Lienz
80%
3814.637Eisenstadt
79%
1238.193Steyr
78%
2421.170Hallein
76%
1924.876Krems an der Donau
76%
2223.727Amstetten
74%
2619.461Kufstein
74%
2917.228Braunau am Inn
73%
948.037Bruck an der Leitha
73%
3515.837Bruck an der Mur
73%
2124.584Leoben
73%
928.216Kitzbühel
72%
3714.841Bludenz
71%
2520.570Mödling
71%
1824.998Wolfsberg
71%
789.854Zell am See
71%
6811.017St. Johann im Pongau
69%
1725.906Baden
68%
7310.628Imst
65%
1627.368Klosterneuburg
65%
918.240Liezen
64%
5512.055Ried im Innkreis
63%
898.409Neusiedl am See
62%
3416.144Tulln an der Donau
61%
4713.245Korneuburg
59%
4513.618Schwaz
59%
2024.650Traun
59%
7010.885Zwettl
59%
6011.663Deutschlandsberg
58%
4813.158Gmunden
58%
2322.753Kapfenberg
58%
3615.365Spittal an der Drau
58%
987.642Landeck
56%
4214.011Wörgl
56%
5312.324Vöcklabruck
55%
6511.261Waidhofen an der Ybbs
55%
7410.574Bischofshofen
54%
769.899Judenburg
54%
2818.564Schwechat
54%
4014.307Feldkirchen
53%
5811.798Hollabrunn
53%
1528.795Leonding
53%
6211.471Mistelbach
52%
997.623Oberwart
52%
3116.820Saalfelden
52%
4114.126Bad Ischl
51%
5112.557St. Veit an der Glan
51%
5911.701Weiz
51%
6111.577Gänserndorf
50%
4912.709Neunkirchen
50%
5612.035Enns
48%
957.960Freistadt
48%
878.625Fürstenfeld
48%
5212.374Leibnitz
48%
3017.010Stockerau
47%
888.525Mürzzuschlag
46%
868.642Perg
46%
6910.889Völkermarkt
46%
3216.720Hohenems
45%
5012.623Knittelfeld
43%
829.314St. Valentin
42%
819.400Voitsberg
41%
3316.654Ansfelden
38%
5412.062Bad Vöslau
38%
3914.606Ternitz
38%
2718.937Traiskirchen
38%
4613.511Feldbach
33%
809.713Purkersdorf
33%
7110.884Seekirchen am Wallersee
33%
7210.777Gleisdorf
32%
759.922St. Andrä
31%
6411.294Gerasdorf
29%
6311.427Groß Enzersdorf
28%
779.855Köflach
28%
908.306Neulengbach
28%
6711.084Ebreichsdorf
24%
858.792Deutsch Wagram
23%
967.831Herzogenburg
23%
1007.607Langenlois
23%
849.042Attnang Puchheim
21%
799.841Laakirchen
21%
938.148Kindberg
19%
6611.131Trofaiach
19%
977.770Pressbaum
18%
839.063Berndorf
17%
4413.802Marchtrenk
16%

Verteilung der Resultate

Perzentil nach korrekt beantworteten Fragen

Anzahl Personen mit jedem Resultat

Ihre Resultats-Entwicklung

Sie haben dieses Quiz noch nicht gespielt